Disaster management / (Record no. 93501)

MARC details
000 -LEADER
fixed length control field 00596nam a22002057a 4500
005 - DATE AND TIME OF LATEST TRANSACTION
control field 20150624105336.0
010 ## - LCCN (DPL NO)
LC control number ENG-113008
020 ## - INTERNATIONAL STANDARD BOOK NUMBER
International Standard Book Number 9789381714317
Terms of availability 1395.00
035 ## - SYSTEM CONTROL NUMBER
System control number EN-96540
037 ## - SOURCE OF ACQUISITION
Source of stock number/acquisition DBAD/PUB
082 ## - DEWEY DECIMAL CLASSIFICATION NUMBER
Classification number 363.34
245 ## - TITLE STATEMENT
Title Disaster management /
Statement of responsibility, etc edited by Vinod K. Sharma
250 ## - EDITION STATEMENT
Edition statement 2nd ed
260 ## - PUBLICATION, DISTRIBUTION, ETC. (IMPRINT)
Place of publication, distribution, etc New Delhi
Name of publisher, distributor, etc MedTech
Date of publication, distribution, etc 2014
270 ## - ADDRESS
Address 4850/24, Ansari Road, Daryaganj
City New Delhi
Postal code 110002
300 ## - PHYSICAL DESCRIPTION
Extent x,373p.
Dimensions 25cm(Hb)
500 ## - GENERAL NOTE
General note Includes bibliographical references
700 ## - ADDED ENTRY--PERSONAL NAME
Personal name Sharma, Vinod K.
942 ## - ADDED ENTRY ELEMENTS (KOHA)
Source of classification or shelving scheme Dewey Decimal Classification
Item type English Books
Call number suffix DIS
Classification part 363.34
Holdings
Withdrawn status Lost status Not for loan Collection code Home library Current library Date acquired Source of acquisition Cost, normal purchase price Full call number Barcode Copy number Cost, replacement price Koha item type
    Not For Loan Non-fiction D.B.Act.Division D.B.Act.Division 12/05/2015 DBAD / PUB 1395.00 363.34 DIS EN-96540 1 1395.00 English Books

© Delhi Public Library
Hit Counter
free hit counter